| 000 | 00354nam a22001577a 4500 | ||
|---|---|---|---|
| 020 | _a978-93-5283-609-3 | ||
| 041 | _aENG | ||
| 100 | _aBahl Arun | ||
| 245 | _aEssentials of Physical Chemistry | ||
| 250 | _a28 Edition | ||
| 260 |
_aDelhi _bS Chand and Company Limited _c2019 |
||
| 300 | _a1222 | ||
| 650 | _aEOES | ||
| 700 | _aBahl.B.S | ||
| 856 | _uEOES | ||
| 999 |
_c27 _d27 |
||